000
00330nam a22001457a 4500
003
OSt
005
20260225153040.0
008
260225b |||||||| |||| 00| 0 eng d
020
_a
889336093
082
_a
551.48
_b
VIJ/WA
245
_a
Watershed Models
260
_a
New York
_b
Tylor & Francis
_c
2006
300
_a
653
942
_c
BK
999
_c
14423
_d
14423